Semiología del aparato respiratorio / (Record no. 114871)

MARC details
000 -LEADER
campo de control de longitud fija 00760nam a2200241 i 4500
001 - NÚMERO DE CONTROL
campo de control 114871
003 - IDENTIFICADOR DE NÚMERO DE CONTROL
campo de control ES-MaACL
007 - CAMPO FIJO DE DESCRIPCIÓN FÍSICA--INFORMACIÓN GENERAL
campo de control de longitud fija t|
008 - DATOS DE LONGITUD FIJA--INFORMACIÓN GENERAL
campo de control de longitud fija 070205s1952 ag ||||1| spa d
080 ## - NÚMERO DE LA CLASIFICACIÓN DECIMAL UNIVERSAL
Número de la Clasificación Decimal Universal 616.2-07
080 ## - NÚMERO DE LA CLASIFICACIÓN DECIMAL UNIVERSAL
Número de la Clasificación Decimal Universal 616.2-071
100 1# - ENTRADA PRINCIPAL--NOMBRE DE PERSONA
Nombre de persona Martínez, Francisco.
9 (RLIN) 77741
245 10 - MENCIÓN DEL TÍTULO
Título Semiología del aparato respiratorio /
Mención de responsabilidad, etc. por los doctores Francisco Martínez, Isaac Berconsky.
250 ## - MENCION DE EDICION
Mención de edición 5ª ed., 2ª reimp.
260 ## - PUBLICACIÓN, DISTRIBUCIÓN, ETC.
Lugar de publicación, distribución, etc. Buenos Aires :
Nombre del editor, distribuidor, etc. El Ateneo,
Fecha de publicación, distribución, etc. 1952.
300 ## - DESCRIPCIÓN FÍSICA
Extensión 326 p. :
Otras características físicas il. ;
Dimensiones 23 cm.
490 1# - MENCIÓN DE SERIE
Mención de serie Biblioteca de semiología ;
Designación de volumen o secuencia 3
504 ## - NOTA DE BIBLIOGRAFÍA, ETC.
Nota de bibliografía, etc. Bibliografía: p. [312]-314. Indice.
700 1# - ENTRADA AGREGADA--NOMBRE PERSONAL
Nombre de persona Berconsky, Isaac.
9 (RLIN) 27854
830 0# - PUNTO DE ACCESO ADICIONAL DE SERIE-TÍTULO UNIFORME
Título uniforme Biblioteca de semiología ;
Designación de volumen o secuencia 3
9 (RLIN) 185784
852 ## - LOCALIZACIÓN
Ubicación ES-MaACL
Número de control de estantería E-4624
Holdings
Estatus retirado Estado de pérdida Estado de daño No para préstamo Biblioteca de origen Biblioteca actual Ubicación en estantería Fecha de adquisición Fuente de adquisición Total de préstamos Signatura topográfica completa Código de barras Visto por última vez Precio de reemplazo Tipo de ítem Koha
        Biblioteca del Ateneo de Madrid Biblioteca del Ateneo de Madrid Depósito 2 17/01/2008     E-4624 1119788 23/02/2023 23/02/2023 Libro impreso